000 00406nam a2200169Ia 4500
008 090122s9999 xx 000 0 und d
082 _b1246
_a821
100 _aHopkins
_bto
_cEliot
245 _aThe Centuries Poetry
260 _bPENGUIN BOOKS
_c1954
300 _a185
600 _aHopkins
630 _aThe Centuries Poetry
700 _aHopkins
730 _aThe Centuries Poetry
942 _cBOOK
999 _c25324
_d25324